[Event "EU-ch U10 28th"]
[Site "Riga"]
[Date "2018.08.21"]
[Round "2"]
[White "Dudakov, Andrei"]
[Black "Sousa, David Oliva Teles"]
[Result "0-1"]
[WhiteElo "1128"]
[BlackElo "1462"]
[PlyCount "134"]
[EventDate "2018.08.20"]
[EventType "swiss"]
[EventRounds "9"]
[EventCountry "LAT"]
[SourceTitle "CBM 186 Extra"]
[Source "ChessBase"]
[SourceDate "2018.08.24"]
[SourceVersion "1"]
[SourceVersionDate "2018.08.24"]
[SourceQuality "1"]

1. d4 d5 2. c4 e5 3. dxe5 d4 4. Nf3 Nc6 5. g3 Nge7 6. Bg2 Ng6 7. Bf4 Be6 8. b3 Bb4+ 9. Nbd2 Bc3 10. Rb1 Bf5 11. Rc1 Bb2 12. Rc2 Bxc2 13. Qxc2 Nxf4 14. gxf4 Bc3 15. 0-0 Bxd2 16. Qxd2 0-0 17. b4 Ne7 18. Nxd4 Nf5 19. Rd1 Nxd4 20. Qxd4 Qxd4 21. Rxd4 Rfd8 22. Rxd8+ Rxd8 23. Bxb7 Rd2 24. a4 Rxe2 25. a5 Kf8 26. b5 Rc2 27. Bd5 Ke7 28. a6 Rb2 29. Kg2 Rb3 30. f3 Rb2+ 31. Kg3 h6 32. h4 g6 33. Kh3 Rd2 34. Kg3 Rd4 35. Kg4 f6 36. Kg3 h5 37. Bg8 f5 38. Bd5 Rd2 39. Bg8 Rd8 40. Bd5 Ke8 41. Kh3 Ke7 42. Kg3 Rd7 43. Kh3 Kd8 44. Kg3 Re7 45. Kh3 Kd7 46. Kg3 Ke8 47. Kh3 Rg7 48. Kg3 Ke7 49. Kh3 Rh7 50. Kg3 Rh8 51. Kh3 Rd8 52. Kg3 Kd7 53. Kh3 Rb8 54. Kg3 Rb6 55. Kh3 Ke7 56. Kg3 Kf8 57. Kh3 Kg7 58. Kg3 Rb8 59. Kh3 Kf8 60. Kg3 Ke8 61. Kh3 Ke7 62. Kg3 Kd7 63. Kh3 Ke8 64. Kg3 Kd7 65. Bf7 Ke7 66. Bxg6 Rg8 67. Kf2 Rxg6 0-1

[Event "EU-ch U10 28th"]
[Site "Riga"]
[Date "2018.08.20"]
[Round "1"]
[White "Sousa, David Oliva Teles"]
[Black "Habans Aguerrea, Javier"]
[Result "0-1"]
[WhiteElo "1462"]
[BlackElo "1992"]
[PlyCount "56"]
[EventDate "2018.08.20"]
[EventType "swiss"]
[EventRounds "9"]
[EventCountry "LAT"]
[SourceTitle "CBM 186 Extra"]
[Source "ChessBase"]
[SourceDate "2018.08.24"]
[SourceVersion "1"]
[SourceVersionDate "2018.08.24"]
[SourceQuality "1"]

1. e4 c5 2. Nf3 Nc6 3. d4 cxd4 4. Nxd4 g6 5. Nc3 Bg7 6. Be3 Nf6 7. Bc4 Qa5 8. Nb3 Qb4 9. Nd2 Qxb2 10. Nb5 Qe5 11. f4 Qb8 12. e5 Nxe5 13. fxe5 Qxe5 14. Be2 Qxe3 15. Nc7+ Kd8 16. Nxa8 Ng4 17. Rf1 Nxh2 18. Rxf7 Qg3+ 19. Rf2 Bd4 20. Ne4 Bxf2+ 21. Nxf2 Qc3+ 22. Qd2 Qxa1+ 23. Nd1 Qe5 24. Nf2 Rf8 25. Qb4 h5 26. Nd3 Qg3+ 27. Kd1 Qd6 28. Qc3 b6 0-1

[Event "Pontevedra op-B 6th"]
[Site "Pontevedra"]
[Date "2018.08.11"]
[Round "5"]
[White "Sousa, David Oliva Teles"]
[Black "Martins, Jose Carlos Caetano"]
[Result "0-1"]
[WhiteElo "1462"]
[BlackElo "1678"]
[PlyCount "132"]
[EventDate "2018.08.08"]
[EventType "swiss"]
[EventRounds "9"]
[EventCountry "ESP"]
[SourceTitle "CBM 186 Extra"]
[Source "ChessBase"]
[SourceDate "2018.08.24"]
[SourceVersion "1"]
[SourceVersionDate "2018.08.24"]
[SourceQuality "1"]

1. e4 c5 2. Nf3 Nc6 3. d4 cxd4 4. Nxd4 g6 5. Nc3 Bg7 6. Be3 Nf6 7. Bc4 0-0 8. f3 Qb6 9. Bb5 Ng4 10. fxg4 Bxd4 11. Bxd4 Qxd4 12. Qxd4 Nxd4 13. 0-0-0 Nxb5 14. Nxb5 d6 15. h3 b6 16. Nc7 Rb8 17. Nd5 Re8 18. Rhe1 Bb7 19. e5 dxe5 20. Rxe5 Bxd5 21. Rexd5 Rb7 22. Rd7 Reb8 23. g5 Kf8 24. b3 Ke8 25. R7d4 Kf8 26. a4 Rc7 27. Rd7 Rbb7 28. Rxc7 Rxc7 29. c4 Ke8 30. Rd4 Rc5 31. h4 e6 32. Kd2 Ke7 33. Rf4 a5 34. Ke3 Re5+ 35. Kd4 Re1 36. Kd3 Rg1 37. Rf2 Rb1 38. Kc2 Ra1 39. Kb2 Re1 40. Kc2 Re4 41. g3 Re3 42. Rg2 Rf3 43. Rg1 Kd6 44. Rd1+ Kc6 45. Rd8 Rxg3 46. Rh8 e5 47. Rxh7 Rf3 48. h5 gxh5 49. Rxh5 Kc5 50. g6 Kd4 51. gxf7 Rxf7 52. Rh2 Ke3 53. Kc3 e4 54. Rh1 Rd7 55. Rh3+ Kf2 56. Rh2+ Kg3 57. Re2 Kf3 58. Rh2 e3 59. Rh3+ Kf2 60. Rh2+ Kg3 61. Rh8 e2 62. Rg8+ Kf2 63. Rf8+ Ke1 64. Kc2 Rh7 65. Rf6 Rh2 66. Rxb6 Kf1 0-1

[Event "Famalicao op 6th"]
[Site "Famalicao"]
[Date "2018.08.04"]
[Round "9"]
[White "Pacheco, Joao Daniel Barbosa"]
[Black "Sousa, David Oliva Teles"]
[Result "0-1"]
[WhiteElo "1159"]
[BlackElo "1452"]
[PlyCount "96"]
[EventDate "2018.07.29"]
[EventType "swiss"]
[EventRounds "9"]
[EventCountry "POR"]
[SourceTitle "CBM 185 Extra"]
[Source "ChessBase"]
[SourceDate "2018.07.29"]
[SourceVersion "1"]
[SourceVersionDate "2018.07.29"]
[SourceQuality "1"]

1. d4 d5 2. Nf3 Nf6 3. Bf4 c5 4. c3 Nc6 5. Nbd2 Qb6 6. Qb3 c4 7. Qxb6 axb6 8. e3 b5 9. b4 Bf5 10. Be2 Ra3 11. Rc1 Rxa2 12. 0-0 Be4 13. Rfd1 Bxf3 14. Bxf3 e6 15. Ra1 Ra7 16. Rxa7 Nxa7 17. Ra1 Nc6 18. Ra8+ Kd7 19. Be2 Nd8 20. Nf3 Bd6 21. Ne5+ Bxe5 22. Bxe5 Re8 23. g4 Nc6 24. g5 Rxa8 25. gxf6 Nxe5 26. dxe5 gxf6 27. exf6 Ra3 28. Bh5 Ke8 29. Kf1 Rxc3 30. Ke2 Rd3 31. Ke1 c3 32. Bd1 Rd2 33. h3 Rb2 34. Bf3 Rxb4 35. Kd1 Rb2 36. Ke1 b4 37. e4 Rd2 38. exd5 exd5 39. h4 b3 40. Bg4 b2 41. Bf5 d4 42. Bb1 d3 43. Ba2 Re2+ 44. Kf1 c2 45. Bc4 c1Q+ 46. Kg2 Qxc4 47. h5 Qg4+ 48. Kf1 b1R# 0-1

[Event "Gaia Profigaia op 18th"]
[Site "Vila Nova de Gaia"]
[Date "2018.07.01"]
[Round "7"]
[White "Sousa, David Oliva Teles"]
[Black "Borges, Rafael Peres"]
[Result "1/2-1/2"]
[WhiteElo "1452"]
[BlackElo "1383"]
[PlyCount "118"]
[EventDate "2018.06.27"]
[EventType "swiss"]
[EventRounds "7"]
[EventCountry "POR"]
[SourceTitle "CBM 185 Extra"]
[Source "ChessBase"]
[SourceDate "2018.07.29"]
[SourceVersion "1"]
[SourceVersionDate "2018.07.29"]
[SourceQuality "1"]

1. e4 c5 2. Nf3 Nc6 3. d4 cxd4 4. Nxd4 a6 5. Nc3 d6 6. Be3 Nf6 7. f3 e5 8. Nb3 Be6 9. Nd5 Bxd5 10. exd5 Ne7 11. c4 Ng6 12. Qd2 a5 13. a4 b6 14. Bd3 Be7 15. Rc1 Nd7 16. Bb1 Nc5 17. Bxc5 bxc5 18. g3 0-0 19. Bxg6 hxg6 20. h4 Qb6 21. Na1 Rab8 22. b3 Qb4 23. Qxb4 Rxb4 24. Rc3 Rfb8 25. Kf2 Bf6 26. Re3 e4 27. Rxe4 Bxa1 28. Rxa1 Rxb3 29. g4 Kf8 30. Kg3 Rc3 31. Ra2 Rbb3 32. Rf2 Re3 33. Rxe3 Rxe3 34. Rb2 Rc3 35. Rb5 Rxc4 36. Rxa5 Rb4 37. Ra6 Ke7 38. Ra7+ Ke8 39. g5 Rb8 40. a5 c4 41. Rc7 Ra8 42. Rxc4 Rxa5 43. Rd4 Kd7 44. Kg4 Rc5 45. h5 gxh5+ 46. Kxh5 Rc3 47. f4 Rf3 48. Kg4 Rf1 49. Rd3 Rg1+ 50. Kf3 Rf1+ 51. Ke4 g6 52. Rf3 Rxf3 53. Kxf3 Ke7 54. Ke4 f6 55. Kd4 fxg5 56. fxg5 Kd7 57. Kc4 Kc7 58. Kb5 Kb7 59. Ka5 Ka7 1/2-1/2

[Event "Gaia Profigaia op 18th"]
[Site "Vila Nova de Gaia"]
[Date "2018.06.30"]
[Round "5"]
[White "Sousa, David Oliva Teles"]
[Black "Sismeiro, Miguel"]
[Result "0-1"]
[WhiteElo "1452"]
[BlackElo "1864"]
[PlyCount "48"]
[EventDate "2018.06.27"]
[EventType "swiss"]
[EventRounds "7"]
[EventCountry "POR"]
[SourceTitle "CBM 185 Extra"]
[Source "ChessBase"]
[SourceDate "2018.07.29"]
[SourceVersion "1"]
[SourceVersionDate "2018.07.29"]
[SourceQuality "1"]

1. e4 e5 2. Nf3 Nc6 3. Bc4 Bc5 4. Nc3 Nf6 5. d3 d6 6. Bb3 Be6 7. Be3 Bb6 8. Qd2 Qd7 9. Bxe6 fxe6 10. Bxb6 axb6 11. 0-0-0 b5 12. Kb1 b4 13. Ne2 0-0 14. Qe3 Ng4 15. Qg5 Nxf2 16. Rdf1 Nxh1 17. Rxh1 b3 18. Nc3 bxc2+ 19. Kxc2 Nd4+ 20. Nxd4 exd4 21. Nb5 e5 22. Na3 Rf2+ 23. Kb1 Rxa3 24. Qg3 Qf7 0-1

[Event "Gaia Profigaia op 18th"]
[Site "Vila Nova de Gaia"]
[Date "2018.06.29"]
[Round "3"]
[White "Sousa, David Oliva Teles"]
[Black "Pereira, Afonso Jose Abreu"]
[Result "1-0"]
[WhiteElo "1452"]
[BlackElo "1165"]
[PlyCount "77"]
[EventDate "2018.06.27"]
[EventType "swiss"]
[EventRounds "7"]
[EventCountry "POR"]
[SourceTitle "CBM 185 Extra"]
[Source "ChessBase"]
[SourceDate "2018.07.29"]
[SourceVersion "1"]
[SourceVersionDate "2018.07.29"]
[SourceQuality "1"]

1. e4 e5 2. Nf3 Nc6 3. Bc4 h6 4. Nc3 Nf6 5. d4 exd4 6. Nxd4 Ne5 7. Bb3 Bb4 8. Bd2 d6 9. f3 Bxc3 10. Bxc3 Nxe4 11. fxe4 Qh4+ 12. Kf1 Ng4 13. Qe1 Nxh2+ 14. Kg1 Qxe1+ 15. Rxe1 Ng4 16. Nf5 Bxf5 17. exf5+ Kd7 18. Bxg7 Rhe8 19. Rxe8 Rxe8 20. g3 Re1+ 21. Kg2 Ne3+ 22. Kh2 Ng4+ 23. Kg2 Ne3+ 24. Kf2 Rxh1 25. Kxe3 Rh3 26. Kf3 Rh5 27. Kf4 Rg5 28. Bf6 Rg8 29. Bxf7 Rf8 30. Be6+ Kc6 31. Bg7 Re8 32. Bxh6 Rh8 33. Kg5 d5 34. g4 a5 35. Kg6 Kd6 36. g5 b5 37. Kg7 Rb8 38. g6 c5 39. Bf4+ 1-0

[Event "Guimaraes op"]
[Site "Guimaraes"]
[Date "2017.09.04"]
[Round "5"]
[White "Branco, Joao Carlos Fernand"]
[Black "Sousa, David Oliva Teles"]
[Result "1-0"]
[WhiteElo "1670"]
[BlackElo "1280"]
[PlyCount "141"]
[EventDate "2017.09.02"]
[EventType "swiss"]
[EventRounds "7"]
[EventCountry "POR"]
[SourceTitle "CBM 180 Extra"]
[Source "ChessBase"]
[SourceDate "2017.10.06"]
[SourceVersion "1"]
[SourceVersionDate "2017.10.06"]
[SourceQuality "1"]

1. Nf3 Nf6 2. d4 d5 3. c4 e6 4. Nc3 Be7 5. cxd5 exd5 6. Bg5 0-0 7. e3 c6 8. Bd3 Nbd7 9. 0-0 Re8 10. Rb1 a5 11. Qc2 Nf8 12. Ne5 N6d7 13. Bf4 Nxe5 14. Bxe5 Ng6 15. Bg3 Be6 16. Na4 Qd7 17. Nb6 Qd8 18. Nxa8 Qxa8 19. Bc7 Bd8 20. Bxd8 Qxd8 21. f4 f5 22. b4 axb4 23. Rxb4 Qe7 24. Rb3 Rf8 25. a4 Bc8 26. Qd2 Re8 27. Be2 Qh4 28. a5 Nh8 29. a6 bxa6 30. Rb6 Qd8 31. Rxc6 Bb7 32. Rc5 Nf7 33. Rfc1 Re7 34. Qc3 Nd6 35. Rc7 Rxc7 36. Qxc7 Qe8 37. Kf2 Qe6 38. Qd8+ Ne8 39. Rc7 Bc6 40. Bh5 g6 41. Be2 Kh8 42. Re7 Qg8 43. Bxa6 Ba4 44. Bb7 Nf6 45. Qxg8+ Kxg8 46. Rc7 Bb3 47. Ba6 Ne4+ 48. Ke1 Nf6 49. Bd3 Kf8 50. Ra7 Ke8 51. Ra3 Bc4 52. Bxc4 dxc4 53. Rc3 Nd5 54. Ra3 c3 55. Ke2 Kd7 56. Kd3 Kc6 57. Rxc3+ Nxc3 58. Kxc3 Kd6 59. Kc4 Kc6 60. d5+ Kd6 61. Kd4 Kd7 62. Ke5 Ke7 63. d6+ Kd7 64. Kd5 Kd8 65. Ke6 Ke8 66. Kf6 Kd7 67. Kg7 Kxd6 68. Kxh7 Kd5 69. Kxg6 Ke4 70. h4 Kxe3 71. Kxf5 1-0

[Event "Guimaraes op"]
[Site "Guimaraes"]
[Date "2017.09.03"]
[Round "4"]
[White "Sousa, David Oliva Teles"]
[Black "Couto, Clara"]
[Result "1-0"]
[WhiteElo "1280"]
[BlackElo "1040"]
[PlyCount "91"]
[EventDate "2017.09.02"]
[EventType "swiss"]
[EventRounds "7"]
[EventCountry "POR"]
[SourceTitle "CBM 180 Extra"]
[Source "ChessBase"]
[SourceDate "2017.10.06"]
[SourceVersion "1"]
[SourceVersionDate "2017.10.06"]
[SourceQuality "1"]

1. e4 e5 2. Nf3 Nc6 3. Bc4 Bc5 4. Nc3 Nf6 5. d3 h6 6. Be3 Bb6 7. Bb3 d6 8. a3 Bg4 9. Qe2 0-0 10. h3 Bh5 11. g4 Bg6 12. Nh4 Ne7 13. g5 Nh7 14. gxh6 Nc6 15. Nxg6 Re8 16. hxg7 Kxg7 17. Nxe5 Nxe5 18. Rg1+ Kf8 19. Qh5 Nf6 20. Qh8+ Ke7 21. Qxf6+ Kd7 22. Qxd8+ Raxd8 23. Bxb6 axb6 24. 0-0-0 Re7 25. f4 Nc6 26. Nd5 Ree8 27. Nf6+ Kc8 28. Nxe8 Rxe8 29. Bxf7 Rd8 30. Rg8 Kb8 31. Rxd8+ Nxd8 32. Bb3 Ka7 33. h4 Nc6 34. h5 Ka6 35. h6 b5 36. h7 Kb6 37. h8Q Na7 38. Qd4+ c5 39. Qxd6+ Nc6 40. Bd5 b4 41. Bxc6 bxc6 42. Rh1 Kb5 43. Rh8 Kb6 44. Rb8+ Ka7 45. Qc7+ Ka6 46. Qb6# 1-0

[Event "Famalicao op 5th"]
[Site "Famalicao"]
[Date "2017.08.03"]
[Round "7"]
[White "Sousa, David Oliva Teles"]
[Black "Santos, Rita Alexandra"]
[Result "1-0"]
[WhiteElo "1246"]
[BlackElo "1625"]
[PlyCount "85"]
[EventDate "2017.07.29"]
[EventType "swiss"]
[EventRounds "9"]
[EventCountry "POR"]
[SourceTitle "EXT 2018"]
[Source "ChessBase"]
[SourceDate "2017.10.13"]
[SourceVersion "1"]
[SourceVersionDate "2017.10.13"]
[SourceQuality "1"]

1. e4 e5 2. Nf3 Nc6 3. Bc4 Bc5 4. c3 Nf6 5. d4 exd4 6. e5 Qe7 7. 0-0 Ng8 8. cxd4 Bb6 9. d5 Nxe5 10. Nxe5 Nf6 11. Re1 0-0 12. Nf3 Qc5 13. Bb3 Qxf2+ 14. Kh1 d6 15. Qe2 Ng4 16. h3 Qxe2 17. Rxe2 Nf2+ 18. Kh2 Nd3 19. Nc3 Bd7 20. Ne1 Ne5 21. Be3 c5 22. dxc6 bxc6 23. Bxb6 axb6 24. Rd1 Bf5 25. Rxd6 Rfe8 26. Nf3 Nxf3+ 27. gxf3 Rxe2+ 28. Nxe2 Bb1 29. Rxc6 Kf8 30. Nc3 Bg6 31. Rxb6 Rd8 32. Bd5 f6 33. Rb7 Bh5 34. a4 Rd6 35. a5 Ra6 36. b4 Be8 37. Rb6 Ra7 38. a6 h5 39. b5 Rc7 40. Bc6 Bf7 41. Rb7 Rc8 42. a7 g5 43. Rb8 1-0

[Event "Famalicao op 5th"]
[Site "Famalicao"]
[Date "2017.08.02"]
[Round "6"]
[White "Silva, Jose Lucas Ferreira"]
[Black "Sousa, David Oliva Teles"]
[Result "0-1"]
[WhiteElo "1024"]
[BlackElo "1246"]
[PlyCount "40"]
[EventDate "2017.07.29"]
[EventType "swiss"]
[EventRounds "9"]
[EventCountry "POR"]
[SourceTitle "EXT 2018"]
[Source "ChessBase"]
[SourceDate "2017.10.13"]
[SourceVersion "1"]
[SourceVersionDate "2017.10.13"]
[SourceQuality "1"]

1. e4 e5 2. Nf3 Nc6 3. Bc4 Bc5 4. c3 Nf6 5. d4 exd4 6. cxd4 Bb4+ 7. Bd2 Bxd2+ 8. Nbxd2 d5 9. exd5 Nxd5 10. Qb3 Na5 11. Qa4+ c6 12. Bd3 Nf4 13. Bf1 0-0 14. g3 Re8+ 15. Kd1 Nd5 16. b4 Nc3+ 17. Kc2 Nxa4 18. Bd3 b5 19. Ne5 Qxd4 20. Rhe1 Qb2+ 0-1

[Event "Famalicao op 5th"]
[Site "Famalicao"]
[Date "2017.08.01"]
[Round "5"]
[White "Sousa, David Oliva Teles"]
[Black "Sousa, Gil Oliva Teles"]
[Result "1/2-1/2"]
[WhiteElo "1246"]
[BlackElo "1134"]
[PlyCount "76"]
[EventDate "2017.07.29"]
[EventType "swiss"]
[EventRounds "9"]
[EventCountry "POR"]
[SourceTitle "EXT 2018"]
[Source "ChessBase"]
[SourceDate "2017.10.13"]
[SourceVersion "1"]
[SourceVersionDate "2017.10.13"]
[SourceQuality "1"]

1. d4 d5 2. c4 e6 3. Nc3 Nf6 4. Nf3 c5 5. Bg5 Nc6 6. e3 a6 7. Bh4 cxd4 8. exd4 Be7 9. Qb3 Na5 10. Qc2 Nxc4 11. Bxc4 dxc4 12. Qa4+ Bd7 13. Qxc4 0-0 14. 0-0 Rc8 15. Qb3 Bc6 16. Ne2 Bd5 17. Qd3 Bc4 18. Qe3 Nd5 19. Qe4 Bxh4 20. Nxh4 Bxe2 21. Rfe1 Bd3 22. Qg4 Nf6 23. Qf4 b5 24. Qe3 Ng4 25. Qh3 Bf5 26. Nxf5 exf5 27. f3 Nf6 28. Qxf5 Qb6 29. b3 Qxd4+ 30. Kh1 Rfe8 31. Red1 Qe5 32. Qd3 Red8 33. Qf1 Rxd1 34. Rxd1 Nd5 35. Re1 Qg5 36. Qg1 Rd8 37. Qf2 Nf4 38. Qg1 Rd2 1/2-1/2

[Event "Famalicao op 5th"]
[Site "Famalicao"]
[Date "2017.07.29"]
[Round "1"]
[White "Sousa, David Oliva Teles"]
[Black "Pinheiro, Albano Guise"]
[Result "0-1"]
[WhiteElo "1246"]
[BlackElo "2071"]
[PlyCount "56"]
[EventDate "2017.07.29"]
[EventType "swiss"]
[EventRounds "9"]
[EventCountry "POR"]
[SourceTitle "EXT 2018"]
[Source "ChessBase"]
[SourceDate "2017.10.13"]
[SourceVersion "1"]
[SourceVersionDate "2017.10.13"]
[SourceQuality "1"]

1. e4 c5 2. Nf3 Nc6 3. d4 cxd4 4. Nxd4 Nf6 5. Nc3 e5 6. Ndb5 d6 7. Bg5 a6 8. Na3 b5 9. Nd5 Be7 10. c3 0-0 11. Bd3 Nxd5 12. exd5 Bxg5 13. dxc6 d5 14. 0-0 Be6 15. Nc2 f5 16. Re1 Bf6 17. Ne3 e4 18. Bc2 f4 19. Ng4 f3 20. gxf3 Bxg4 21. fxg4 Be5 22. Bb3 Bxh2+ 23. Kxh2 Qh4+ 24. Kg1 Qxf2+ 25. Kh1 Qh4+ 26. Kg1 Qg3+ 27. Kh1 Rf2 28. Qxd5+ Kh8 0-1

[Event "Coimbra Queima das Fitas op"]
[Site "Coimbra"]
[Date "2016.04.25"]
[Round "6"]
[White "Santos, Rita Alexandra"]
[Black "Sousa, David Oliva Teles"]
[Result "1-0"]
[WhiteElo "1515"]
[BlackElo "1111"]
[PlyCount "81"]
[EventDate "2016.04.22"]
[EventType "swiss"]
[EventRounds "7"]
[EventCountry "POR"]
[SourceTitle "EXT 2018"]
[Source "ChessBase"]
[SourceDate "2017.10.13"]
[SourceVersion "1"]
[SourceVersionDate "2017.10.13"]
[SourceQuality "1"]

1. e4 e5 2. Nf3 Nc6 3. d4 exd4 4. Nxd4 Bc5 5. Be3 Qf6 6. c3 Nge7 7. Bc4 0-0 8. 0-0 d6 9. Na3 Bxd4 10. cxd4 Qg6 11. f3 Bh3 12. Rf2 Rad8 13. Qb3 Na5 14. Qc2 Nac6 15. Nb5 Rc8 16. Nc3 Nb4 17. Qb3 a5 18. a3 Nbc6 19. Nd5 Nxd5 20. Bxd5 Rb8 21. Qc3 Bd7 22. Bxc6 bxc6 23. Qxa5 Rb7 24. b4 Bh3 25. Qg5 Qxg5 26. Bxg5 Be6 27. Rc2 Bd7 28. Kf2 Ra8 29. Be3 Rba7 30. Rc3 d5 31. Bf4 Kf8 32. exd5 cxd5 33. Bxc7 Bb5 34. Bb6 Ra6 35. Bc5+ Kg8 36. Re3 h6 37. Ke1 Kh7 38. Kd2 Kg6 39. Kc2 Kf6 40. Kb2 g5 41. Be7+ 1-0

[Event "Coimbra Queima das Fitas op"]
[Site "Coimbra"]
[Date "2016.04.24"]
[Round "4"]
[White "Sousa, David Oliva Teles"]
[Black "Bastiao, Goncalo de Oliveira"]
[Result "0-1"]
[WhiteElo "1111"]
[BlackElo "1490"]
[PlyCount "84"]
[EventDate "2016.04.22"]
[EventType "swiss"]
[EventRounds "7"]
[EventCountry "POR"]
[SourceTitle "EXT 2018"]
[Source "ChessBase"]
[SourceDate "2017.10.13"]
[SourceVersion "1"]
[SourceVersionDate "2017.10.13"]
[SourceQuality "1"]

1. e4 c5 2. Nf3 d6 3. d4 cxd4 4. Nxd4 Nf6 5. Nc3 g6 6. Be3 Bg7 7. Qd2 h5 8. Bc4 a6 9. f3 Nbd7 10. 0-0-0 b5 11. Bb3 Bb7 12. h3 Nc5 13. g4 Nxb3+ 14. Nxb3 h4 15. Qe1 Rc8 16. Bg5 Nd7 17. Rd3 Ne5 18. Re3 Nc4 19. Rd3 Qc7 20. Bxh4 Ne5 21. Re3 b4 22. Bf2 bxc3 23. Rxc3 Qd7 24. Re3 Bh6 25. h4 Nd3+ 26. Kb1 Nxe1 27. Rhxe1 Bxe3 28. Rxe3 Qb5 29. Nd2 g5 30. hxg5 Rh1+ 31. Re1 Rxe1+ 32. Bxe1 Qxg5 33. Nb3 Qe3 34. Bc3 Qg1+ 35. Nc1 Rxc3 36. bxc3 a5 37. f4 a4 38. g5 a3 39. f5 Bxe4 40. f6 Qd1 41. g6 Qxc2+ 42. Ka1 Qxc3# 0-1

[Event "Famalicao op 3rd"]
[Site "Famalicao"]
[Date "2015.08.05"]
[Round "5"]
[White "Sousa, David Oliva Teles"]
[Black "Ribeiro, Ana Beatriz GP"]
[Result "0-1"]
[WhiteElo "1103"]
[BlackElo "1442"]
[PlyCount "68"]
[EventDate "2015.08.02"]
[EventType "swiss"]
[EventRounds "7"]
[EventCountry "POR"]
[SourceTitle "CBM 167 Extra"]
[Source "ChessBase"]
[SourceDate "2015.09.14"]
[SourceVersion "1"]
[SourceVersionDate "2015.09.14"]
[SourceQuality "1"]

1. e4 e6 2. d4 d5 3. Nc3 Nf6 4. e5 Nfd7 5. f4 c5 6. Nf3 Nc6 7. Be3 cxd4 8. Nxd4 Bc5 9. Be2 Qb6 10. Qd2 Bxd4 11. Bxd4 Qxd4 12. Qxd4 Nxd4 13. 0-0-0 Nxe2+ 14. Nxe2 b6 15. Nd4 Nc5 16. Nb5 0-0 17. Nd6 Ba6 18. Rd4 Nb7 19. Nxb7 Bxb7 20. g4 Rfc8 21. f5 Rc4 22. c3 Rac8 23. Kb1 Rxd4 24. cxd4 exf5 25. gxf5 Rc4 26. Rd1 Bc8 27. f6 Bf5+ 28. Ka1 Rc2 29. fxg7 Rxh2 30. Rg1 Be4 31. Rc1 Rh1 32. Rxh1 Bxh1 33. e6 fxe6 34. Kb1 Kxg7 0-1